000 00794nam a2200229Ia 4500
003 GCL
008 140319s9999 xx 000 0 ara d
040 _aGCL /
_cGCL
082 0 4 _a923.1
_bى م
100 1 _aمحمد كمال الدين عزالدين
245 1 0 _aمشاكلة الناس لزمانهم وما يغلب عليهم فى كل عصر /
_cمحمد كمال الدين عزالدين
700 1 _aاليعقوبى, احمد بن اسحاق بن جعف
260 _a[S.N] :
_bعالم الكتب الحديث
300 _a51 ص
490 _a
650 0 4 _aالعالم العربى
650 0 4 _aالتاريخ الاسلامى
650 0 4 _aالتراجم
650 0 4 _aالملوك والحكام
650 0 4 _aالخلفاء الراشدون
942 _2ddc
_cBK
999 _c35019
_d35019